Los métodos estructuralistas en las ciencias sociales
Wedi'i Gadw mewn:
| Prif Awdur: | |
|---|---|
| Fformat: | Llyfr |
| Iaith: | Sbaeneg |
| Cyhoeddwyd: |
Buenos Aires
Amorrortu
1970
|
| Cyfres: | Biblioteca de Sociología
|
| Pynciau: | |
| Tagiau: |
Ychwanegu Tag
Dim Tagiau, Byddwch y cyntaf i dagio'r cofnod hwn!
|
MARC
| LEADER | 00000nam a2200000 a 4500 | ||
|---|---|---|---|
| 001 | UCK1381 | ||
| 003 | CL-VaPUC | ||
| 008 | 041112e19700000AG |||||||||||||||||spa|d | ||
| 082 | 0 | 4 | |a 300 |b VIE |2 21 |
| 100 | 0 | |a Viet, Jean |e author |9 489168 | |
| 245 | 1 | 4 | |a Los métodos estructuralistas en las ciencias sociales |
| 300 | |a 283 p | ||
| 942 | |c BK | ||
| 945 | |d 20041112 00:00:00 |a cmena | ||
| 260 | |a Buenos Aires |b Amorrortu |c 1970 | ||
| 650 | 0 | |a Ciencias sociales |9 256351 | |
| 650 | 0 | |a Sociología |9 255410 | |
| 650 | 0 | |a Estructuralismo |9 265696 | |
| 650 | 0 | |a Antropología cultural y social |9 265143 | |
| 650 | 0 | |a Relaciones sociales |9 376480 | |
| 583 | |a last modification |c 20041112 00:00:00 |k Rodrigo Vera | ||
| 490 | 0 | |a Biblioteca de Sociología | |
| 999 | |c 311352 |d 311350 | ||
| 952 | |0 0 |1 0 |4 0 |6 300_000000000000000_VIE_1970 |7 0 |8 A |9 380730 |a BIBGIM |b BIBGIM |d 2019-11-21 |i 4077296 |o 300 VIE 1970 |p 4077296 |r 2025-01-15 |w 2019-11-21 |y BK |k GIM | ||
| 952 | |0 0 |1 0 |4 0 |6 300_000000000000000_VIE_1970 |7 0 |8 A |9 380731 |a FDOPOS |b FDOPOS |d 2019-11-21 |i 4269608 |o 300 VIE 1970 |p 4269608 |r 2025-01-22 |w 2019-11-21 |y BK |k MLA | ||